000 00400nam a22001697a 4500
003 MPLRDC
005 20220104143949.0
008 210129b ||||| |||| 00| 0 eng d
082 _a848.3 YS v.112 c.2
100 _a亦舒
245 _a小朋友
_c
250 _a1990
260 _a
_b天地图书有限公司
_c1982
300 _b
650 _a现代别集
942 _cBK
_o848.3 YS v.112 c.2
999 _c45075
_d45065